00575nam a2200205Ia 4500003000900000008004100009040001300050040001300063041000800076100001600084100000900100245004400109250001100153260000800164260000900172300001000181490000800191490001000199600016000209IT-RoPAU120407s9999 xx 000 0 und d aIT-RoPAU cIT-RoPAU aita aProfessores cs.j. aPhilosophiae scholasticae summa. 3voll. aMadrid aBAC c1959 c20 cm aBAC v98137 a"1. Introductio in philosophiam. Logica.Critica. Metaphisica generale. 2. Philosophia naturalis, seu cosmologica et psichologia philosophica. 3 manca "